000 00893nam a2200313Ia 4500
008 171025s9999 xx 000 0 und d
020 _a807042137
050 _a362.79
050 _bC536 2000
100 _aEdelman, Marian
245 4 _aThe state of America's children :
245 _ba report from the children's defense fund /
245 _cby Children's Defense Fund ; introduction by Marian Edelman.
260 _aMassachusetts :
260 _bBeacon Press,
260 _c2000
300 _axxviii, 158 pages :
300 _billustrations ;
300 _c26cm.
500 _aIncludes index.
650 _aChild welfare --
650 _aChild welfare -- United States --
650 _aChildren's rights --
650 _xFinance -- Periodicals.
650 _xPeriodicals.
650 _xUnited States.
700 _aEdelman, Marian Wright.
700 _aTitle.
999 _c344515
_d344515